00758nam a22002297a 4500003000900000005001700009008003100026020001800057040002500075082002700100100002500127245006300152246008200215260003000297300002100327534004200348585003000390650002400420650002900444650002400473700003100497DO-SdBPM20250520135636.0171024b2010 p |||| 00| 0 spa d a9786073100939 aDO-SdBPMbspacBPMSU 4aB869.3bC672v 20102221 aCoelho, Paulod1947-14aLas valkirias /cPaulo Coelho ; traducción Pilar Obón 14aLas valkirias :bla batalla por el mundo se libra en el interior de cada uno  aPerú :bGrijalbo,c2010 a188 p. ;c23 cm. pTítulo original. tLAs Valkirias.  3BestSeller internacional  4aNovela brasileña  4aEspiritualidad vNovela  4aÁngeles vNovela1 aObón, Pilar etraductor